000 00474nam a2200181Ia 4500
001 3152
005 20260306144859.0
008 260306t2015||||xx |||||||||||||| ||spa||
041 _aESP
082 _a261.4
_bP84
100 _aPrades López, Javier M.
_eAUT
245 0 _aDar testimonio:
_bla presencia de los cristianos en la sociedad plural
260 _c2015
300 _axxxv, 462 páginas :
_c20 cm.
650 _aGEN
654 _aCHU
942 _cLIB
_dJUS
_fJUS
_2ddc
_n
999 _c3152
_d3152